000 00295nam a2200145Ia 4500
100 _aSharma/Robin
650 _aGeneral
942 _cBK
366 _f20
245 _aMONK WHO SOLD HIS FERRARI
260 _bJaico
_aMumbai
_c2013
082 _a30.34/SHA
300 _a183
546 _aENGLISH
999 _c30611
_d30611